Toxic oxygen : protection against pathogens (Record no. 53220)
[ view plain ]
| 000 -LEADER | |
|---|---|
| fixed length control field | 01328nam a2200145Ia 4500 |
| 100 ## - MAIN ENTRY--AUTHOR NAME | |
| Personal name | DAuzac J |
| 245 #0 - TITLE STATEMENT | |
| Title | Toxic oxygen : protection against pathogens |
| 260 ## - PUBLICATION, DISTRIBUTION, ETC. (IMPRINT) | |
| Name of publisher | Plantations, Recherche, Developpement |
| Year of publication | 1996 |
| 300 ## - PHYSICAL DESCRIPTION | |
| Number of Pages | 153-170 |
| 520 ## - SUMMARY, ETC. | |
| Summary, etc | Oxygen can occur in different chemical configurations, which can be more active and even toxic for both microorganisms and higher life forms. It has been shown in man that these active forms in fact play a dual role. They can cause serious diseases but their toxicity can also protect man, and indeed plants, against attacks from pathogenic microorganisms. This paper recounts the history and leads on to describe the most recent work to demonstrate that the active forms of oxygen(including H2O2 and the superoxide ion) are involved in plant defence machanisms against fungi, bacteria and viruses. H2O2 is directly involved early on in the hypersensitivity reaction that characterizes an incompatible pathogen/host interaction: the pathogen is neutralized very rapidly causing only a few mini-necroses. It also probably involved at a later stage in establishing a wide range of defence mechanisms that necessitate the derepression of host genes. |
| 650 ## - SUBJECT ADDED ENTRY--TOPICAL TERM | |
| Topical Term | Plant defense mechanism |
| 650 ## - SUBJECT ADDED ENTRY--TOPICAL TERM | |
| Topical Term | Toxic oxygen |
| 942 ## - ADDED ENTRY ELEMENTS (KOHA) | |
| Koha item type | Journals |
| Withdrawn status | Lost status | Damaged status | Not for loan | Home library | Current library | Shelving location | Date acquired | Serial Enumeration / chronology | Koha item type |
|---|---|---|---|---|---|---|---|---|---|
| Journals | RRII Library | RRII Library | Pathology | 17/12/2021 | Volume 3, Issue 3 | Journals |